Boy Scout Oath - Statistics

General Stats
  • This quiz has been taken 80 times
  • The average score is 8 of 9
Answer Stats
Hint Answer % Correct
I will do my ______ best
100%
On my _____ honor
96%
an my _______ country
90%
to do my ____ to ____ duty god
84%
and ______ straight. morally
83%
and to obey the ____ ______; Scout Law
83%
To _____ _______ people at all times; help other
79%
mentally ______, awake
74%
To keep myself _______ _______, physically strong
71%
No matching quizzes found
Score Distribution
Percent of People with Each Score
Percentile by Number Answered
Your Score History
You have not taken this quiz